000 00333nam a22001217a 4500
008 160518b xxu||||| |||| 00| 0 eng d
020 _a9780781764070
020 _a9780781764070
041 _aeng
080 _a618.2
245 _aFundamentals of nursing:
_cGarol Taylor; Carol Lillis; Priscilla Lemone;Pamela Lynn ;
942 _2udc
_cBK
999 _c2161
_d2161